000
00307nam a22001337a 4500
008
171207b xxu||||| |||| 00| 0 eng d
020
_a
9780256259827
041
_a
eng
080
_2
10 ED
_a
339.138
100
_a
61
101
_a
MAR
245
_a
INTERNATIONAL MARKETING
_c
CATEORA.P.R
942
_2
udc
_c
BK
999
_c
38818
_d
38818